Giáo trình thực hành tiện Sách dành cho cao đẳng sư phạm

Giới thiệu kiến thức đại cương về công nghệ tiện, kĩ thuật an toàn, nguyên lí và khả năng công nghệ của tiện, vận hành và bảo dưỡng máy tiện, gia công tiện, một số phương pháp gá đặt phôi trên máy tiện...

Saved in:
Bibliographic Details
Main Author: Chu Văn Vượng (Tác giả)
Format: Book
Language:Vietnamese
Published: H. Đại học Sư Phạm 2007
Subjects:
Tags: Add Tag
No Tags, Be the first to tag this record!
Institutions: Mạng thư viện Đại học Đà Nẵng
LEADER 01389nam a2200325 4500
001 000013619
003 9963
005 20120320080316.0
008 120320s2007 viesd
041 0 |a vie 
082 |a 621.9  |b CH-V 
100 0 |a Chu Văn Vượng  |e Tác giả 
245 0 |a Giáo trình thực hành tiện  |b Sách dành cho cao đẳng sư phạm  |c Chu Văn Vượng 
260 |a H.  |b Đại học Sư Phạm  |c 2007 
300 |a 124 tr  |c 24 cm 
500 |a Đầu bìa sách ghi: Bộ Giáo dục và Đào tạo. Dự án Đào tạo Giáo viên THCS 
520 |a Giới thiệu kiến thức đại cương về công nghệ tiện, kĩ thuật an toàn, nguyên lí và khả năng công nghệ của tiện, vận hành và bảo dưỡng máy tiện, gia công tiện, một số phương pháp gá đặt phôi trên máy tiện... 
653 |a Cơ khí 
653 |a Máy tiện 
653 |a Thực hành 
OWN |a LSP 
AVA |a UDN50  |b LSP  |d 621.9 CH-V  |e available  |t Error 5001 Not defined in file expand_doc_bib_avail.  |f 5  |g 0  |h N  |i 0  |k 1 
999 |a From the UDN01 
AVA |a UDN50  |b LSP  |d 621.9 CH-V  |e available  |t Error 5001 Not defined in file expand_doc_bib_avail.  |f 5  |g 0  |h N  |i 0  |k 1 
TYP |a Monograph 
TYP |a Printed language 
980 |a Mạng thư viện Đại học Đà Nẵng